Borrador #1 o la perpetuidad del Voto Nacional (Record no. 1714)

MARC details
000 -LEADER
campo de control de longitud fija 01203nam a2200157 4500
008 - DATOS DE LONGITUD FIJA--INFORMACIÓN GENERAL
campo de control de longitud fija 708 G984b
020 ## - NÚMERO INTERNACIONAL ESTÁNDAR DEL LIBRO
Número Internacional Estándar del Libro 9789585767188
082 ## - NÚMERO DE LA CLASIFICACIÓN DECIMAL DEWEY
Número de clasificación 708
Número de ítem G984b
100 ## - ENTRADA PRINCIPAL--NOMBRE DE PERSONA
Nombre de persona Gutiérrez, José Darío (edición)
9 (RLIN) 6876
245 ## - MENCIÓN DEL TÍTULO
Título Borrador #1 o la perpetuidad del Voto Nacional
260 ## - PUBLICACIÓN, DISTRIBUCIÓN, ETC.
Lugar de publicación, distribución, etc. Bogotá
Nombre del editor, distribuidor, etc. Proyecto Bachué
Fecha de publicación, distribución, etc. 2016
300 ## - DESCRIPCIÓN FÍSICA
Extensión 283 p.
Otras características físicas ill (col)
Dimensiones 20.5 x 14 cm
505 ## - NOTA DE CONTENIDO CON FORMATO
Título Prefacio
-- Notas
-- Arrubla, Germán
-- Arturo, Felipe
-- Avila Forero, Marcos
-- Bahos, William
-- Notas
-- Baraya, Alberto
-- Bonil, Carlos
-- Bravo Salamanca, Richard Harrison
-- Notas
-- Bucher, Fracois
-- Castañeda Galeano, Leonel
-- Castro, Carlos
-- Notas
-- Correa Nache, Jesús Eduardo
-- Echavarría, Juan Manuel
-- Fory, Nelson
-- Herrán, Juan Fernando
-- Notas
-- Martínez, José Horacio
-- Moreno, Eduard
-- Opazo, Mario
-- Orjuela, Andrés
-- Notas
-- Ospina, Lucas
-- Palacios, Fabio Melecio
-- Pareja, Fernando & Chávez, Leidy
-- Pinilla, Andrés Matías
-- Quiñones, Edinson
-- Restrepo, José Alejandro
-- Notas
-- Sánchez, Edwin
-- Sandoval, Rosemberg
-- Uribe, Andrés Felipe
-- Notas
-- Uribe, Carlos
-- Villa, Gustavo
650 ## - PUNTO DE ACCESO ADICIONAL DE MATERIA--TÉRMINO DE MATERIA
Subdivisión general arte contemporáneo
-- arte - exhibiciones
-- política - guerilla
-- Colombia
-- Proyecto Bachué
9 (RLIN) 6877
700 ## - ENTRADA AGREGADA--NOMBRE PERSONAL
Nombre de persona Christian Padilla
9 (RLIN) 6878
Holdings
Estatus retirado Estado de pérdida Fuente del sistema de clasificación o colocación Estado de daño No para préstamo Biblioteca de origen Biblioteca actual Ubicación en estantería Fecha de adquisición Total de préstamos Signatura topográfica completa Código de barras Visto por última vez Precio de reemplazo Tipo de ítem Koha
    Clasificación Decimal Dewey     Biblioteca LadoV Biblioteca LadoV   07/02/2019   708 G984b 004665 07/02/2019 07/02/2019 Material 01